000 00257nam a2200097Ia 4500
001 1119986
005 20250827004615.0
008 250824s9999 xx 000 0 und d
245 0 _aACAR SÜVARİ TUTUK ARBALET V4 20
_cALİ EMRE
260 _bKETEBE YAYINLARI
999 _c1119986
_d1119986